| Tag |
First Indicator |
Second Indicator |
Subfields |
| LEADER |
00000cam a2200000 4500 |
| 001 |
in00000026594 |
| 005 |
20170323111618.0 |
| 008 |
730611s1972 enk 00001 eng |
| 010 |
|
|
|a 73330689
|
| 015 |
|
|
|a B72-10370
|
| 020 |
|
|
|a 070111715X
|c 2.00
|
| 035 |
|
|
|a (OCoLC)00660125
|
| 035 |
|
|
|9 AAD5275AM
|
| 040 |
|
|
|a DLC
|c DLC
|d TXA
|d UtOrBLW
|
| 049 |
|
|
|a TXAM
|c [1192092]
|
| 050 |
0 |
0 |
|a PZ3.T75
|b J15
|a PR5684
|
| 090 |
|
|
|a PR5684
|b J64 1972
|
| 100 |
1 |
|
|a Trollope, Anthony,
|d 1815-1882.
|
| 245 |
1 |
0 |
|a John Caldigate.
|
| 264 |
|
1 |
|a London :
|b Zodiac Press,
|c 1972.
|
| 300 |
|
|
|a 468 pages ;
|c 22 cm.
|
| 336 |
|
|
|a text
|b txt
|2 rdacontent
|
| 337 |
|
|
|a unmediated
|b n
|2 rdamedia
|
| 338 |
|
|
|a volume
|b nc
|2 rdacarrier
|
| 999 |
|
|
|a MARS
|
| 999 |
f |
f |
|s ed8399e1-4f6f-3a74-807a-e1547bb0e1b8
|i 6e69935b-cad9-3add-b95e-a38d693be056
|t 0
|
| 952 |
f |
f |
|p ric
|a Texas A&M University
|b Rellis Campus
|c Joint Library Facility
|d Remote Storage
|t 0
|e PR5684 J64 1972
|h Library of Congress classification
|i unmediated -- volume
|m A14804289491
|
| 998 |
f |
f |
|a PR5684 J64 1972
|t 0
|l Remote Storage
|